000 00589nam a2200193 a 4500
001 3385474
005 20241113150137.0
008 880224r19881890pau 000 0 eng
020 _a0875094082
050 0 0 _aBX6700.Z6
_bS55 1988
082 0 0 _a252/.099
_219
100 1 _aSimpson, A. B.
_q(Albert B.)
245 1 2 _aA larger Christian life /
_cA.B. Simpson.
260 _aCamp Hill, Pa. :
_bChristian Publications,
_cc1988.
300 _a159 p. ;
_c21 cm.
500 _aOriginally published in 1890. Updated for contemporary readers.
650 0 _aSermons, American.
942 _2lcc
_cBK
_n0
999 _c1130
_d1130